000 02118nam0a2200397 i 4500
001 RU\NLR\bibl\2008481
005 20260408102026.0
010 _a9785778221475
_9500
021 _aRU
_b2013-9855
_9707
035 _a(nilc)RuMoRGB-006532581
035 _a(NLR Aleph) 001997080
090 _a4306326
_c4306326
100 _a20130211d2012 k y0rusy50 ca
101 0 _arus
102 _aRU
105 _aa |||||||||
200 1 _aПсихология и педагогика: методика и проблемы практического применения
_eсборник материалов XXVIII-й Международной научно-практической конференции, Новосибирск, 10 декабря 2012 г.
_fпод общ. ред. С.С. Чернова
210 _aНовосибирск
_cЦРНС
_d2012
215 _a350 с.
_cил.
_d20
320 _aБиблиогр. в конце ст.
606 _aПсихология
_jСъезды, совещания и т.п.
_9931820
_3RU\NLR\auth\6624683
606 _aПсихология специальная
_jСъезды, совещания и т.п.
_92084770
_3RU\NLR\auth\661260865
606 _aПедагогика
_jСъезды, совещания и т.п.
_9921924
_3RU\NLR\auth\6619222
686 _aЮ93я431
686 _aЮ948.2я431
686 _aЧ30я431
702 1 _4340
_8rus
_7ca
_aЧернов
_bС. С.
_cканд. экон. наук
_f1979-
_gСергей Сергеевич
_3RU\NLR\AUTH\7768307
_951235
711 1 2 _a"Психология и педагогика: методика и проблемы практического применения", международная научно-практическая конференция
_d28
_f2012
_eНовосибирск
_3RU\NLR\AUTH\8810240916
_9367726
801 0 _aRU
_bRuMoRKP
_c20130211
_gRCR
801 2 _aRU
_bРГБ
_c20130306
_grcr
801 1 _aRU
_bRuMoRKP
_c20130211
_2rusmarc
801 2 _aRU
_bNLR
_c20130306
_grcr
942 _cBOOK
980 _aNBR